00549nam a2200157Ia 4500082001200000100001800012245007600030260004900106300000800155504004100163650003500204650003500239650004900274650004900323710001900372 aTY.0046 aYadav, Vinita 0aInstitutional structure for urban governance in Ahmedabad and Hyderabad c2005bJawaharlal Nehru University, New Delhi a228 aincludes appendices and bibliography aUrban policyvIndiavAhmedabad aUrban policyvIndiavHyderabad aInfrastructure (Economics)vIndiavAhmedabad aInfrastructure (Economics)vIndiavHyderabad aRaju, Sarawati